[Event "Prague Open 2025 - A IM Open"]
[Site "Olympik hotel, Prague"]
[Date "2025.01.11"]
[Round "2"]
[Board "14"]
[White "Amonov, Daler"]
[Black "Pourquet, Matthieu"]
[Result "1/2-1/2"]
[WhiteElo "2004"]
[BlackElo "2262"]
[PlyCount "0"]
[EventDate "2025.01.10"]
[EventRounds "9"]
[EventCountry "CZE"]

1. e4 c6 2. d4 d5 3. exd5 cxd5 4. Bd3 Nf6 5. c3 Bg4 6. Qb3 Qc7 7. h3 Bd7 8. Ne2 Nc6
9. Bf4 e5 10. dxe5 Nxe5 11. Bxe5 Qxe5 12. Nd2 Bc5 13. Nf3 Qc7 14. O-O O-O 15. a4
Rad8 16. a5 a6 17. Ned4 g6 18. Rfc1 Bc8 19. Qc2 Rfe8 20. b4 Bf8 21. b5 Bh6 22. Rcb1
Ne4 23. bxa6 bxa6 24. Rb6 Rd6 25. Rab1 Qc5 26. Nb3 Qc7 27. Nbd4 Qc5  1/2-1/2

[Event "Prague Open 2025 - A IM Open"]
[Site "Olympik hotel, Prague"]
[Date "2025.01.13"]
[Round "5"]
[Board "2"]
[White "Tolmacevs, Artjoms"]
[Black "Senthil, Maran K"]
[Result "1/2-1/2"]
[WhiteElo "2252"]
[BlackElo "2398"]
[PlyCount "0"]
[EventDate "2025.01.10"]
[EventRounds "9"]
[EventCountry "CZE"]

1. e4 c6 2. d4 d5 3. e5 c5 4. dxc5 e6 5. a3 Bxc5 6. b4 Be7 7. Nf3 Nd7 8. Bb2 a5 9.
b5 Nh6 10. c4 dxc4 11. Bxc4 Nb6 12. Qxd8+ Bxd8 13. Bd3 Na4 14. Bd4 Bb6 15. Bxb6 Nxb6
16. Nc3 Ke7 17. Ke2 Bd7 18. Rac1 Rac8 19. Ne4 Nd5  1/2-1/2

[Event "Prague Open 2025 - A IM Open"]
[Site "Olympik hotel, Prague"]
[Date "2025.01.13"]
[Round "5"]
[Board "3"]
[White "Jain, Kashish Manoj"]
[Black "Chan, Kim Yew"]
[Result "1-0"]
[WhiteElo "2363"]
[BlackElo "2258"]
[PlyCount "0"]
[EventDate "2025.01.10"]
[EventRounds "9"]
[EventCountry "CZE"]

1. e4 c6 2. d4 d5 3. e5 Bf5 4. Nf3 e6 5. Be2 c5 6. Be3 cxd4 7. Nxd4 Ne7 8. O-O Nbc6
9. Bb5 a6 10. Bxc6+ bxc6 11. c4 Qd7 12. Nc3 dxc4 13. Na4 Nd5 14. Nxf5 exf5 15. Rc1
c3 16. Qc2 Be7 17. Nxc3 Nxe3 18. fxe3 Bg5 19. Rce1 g6 20. g4 fxg4 21. Ne4 Be7 22.
Rd1 Qc8 23. e6 Qxe6 24. Nd6+ Bxd6 25. Qxc6+ Kf8 26. Qxa8+ Kg7 27. Qd5 Qxe3+ 28. Kh1
Bf4 29. Rd4 Bb8 30. Rxf7+ Kh6 31. Rxg4 Qe1+ 32. Rg1 Qh4 33. Qd2+ Kh5 34. Qe2+ Kh6
35. Rg4 Qh5 36. Qe3+ g5 37. Rf6+  1-0

[Event "Prague Open 2025 - A IM Open"]
[Site "Olympik hotel, Prague"]
[Date "2025.01.13"]
[Round "5"]
[Board "8"]
[White "Felix, Raphael"]
[Black "Vardanyan, Aras"]
[Result "0-1"]
[WhiteElo "2127"]
[BlackElo "2312"]
[PlyCount "0"]
[EventDate "2025.01.10"]
[EventRounds "9"]
[EventCountry "CZE"]

1. e4 c5 2. Nf3 d6 3. d4 cxd4 4. Nxd4 Nf6 5. Nc3 Nc6 6. Bc4 Bd7 7. Be3 Rc8 8. Nxc6
Bxc6 9. Bd3 a6 10. Qe2 g6 11. Rd1 Qa5 12. O-O Bg7 13. a3 O-O 14. Qd2 Rfe8 15. Nb1
Qxd2 16. Nxd2 Ng4 17. c3 Nxe3 18. fxe3 b5 19. Nf3 Rb8 20. Nd4 Ba8 21. Kf2 Rec8 22.
Rd2 Rc5 23. Ke2 Bh6 24. Bb1 a5 25. Nb3 Rg5 26. g3 b4 27. cxb4 axb4 28. a4 Rh5 29.
h4 Bc6 30. a5 Re5 31. Rd4 Ba4 32. Bc2 Rc8 33. Rd2 Rxc2 34. Rxc2 Bxb3 35. Rc8+ Kg7
36. g4 Be6 37. Ra8 Bc4+ 38. Kf2 Bxf1 39. g5 Bxg5 40. Kxf1 Bxe3 41. a6 Ra5 42. Rb8
Rxa6 43. Rxb4 Rb6 44. Ra4 Rxb2 45. Ra3 Bc5 46. Ra4 Kf6 47. h5 h6 48. hxg6 fxg6 49.
Rc4 g5 50. Ra4 g4 51. e5+ Kf5 52. exd6 g3  0-1

[Event "Prague Open 2025 - A IM Open"]
[Site "Olympik hotel, Prague"]
[Date "2025.01.13"]
[Round "5"]
[Board "10"]
[White "Golis, Wiktor"]
[Black "Filindash, Nikita"]
[Result "1/2-1/2"]
[WhiteElo "2314"]
[BlackElo "2072"]
[PlyCount "0"]
[EventDate "2025.01.10"]
[EventRounds "9"]
[EventCountry "CZE"]

1. e4 e5 2. Nf3 Nf6 3. d4 Nxe4 4. Bd3 d5 5. Nxe5 Nd7 6. Nxd7 Bxd7 7. O-O Bd6 8. Qh5
Qf6 9. Nc3 Qxd4 10. Be3 Qe5 11. Qxe5+ Bxe5 12. Nxd5 Nf6 13. Rae1 Be6 14. Nf4 Bxf4
15. Bxf4 Nd5 16. Be5 O-O 17. a3 f6 18. Bg3 Bf7 19. c4 Nb6 20. b3 Rad8 21. Bb1 c6
22. f3 Bg6 23. Bxg6 hxg6 24. Rd1 Kf7 25. Bc7 Rxd1 26. Rxd1 Re8 27. Kf2 Re7 28. Bxb6
axb6 29. f4 Rc7 30. Kf3 Ke7 31. Kg4 Ke8 32. g3 Re7 33. Kf3 Rc7 34. g4 Re7 35. Rd3
Rc7 36. f5 g5 37. b4 Ke7 38. c5 b5 39. Kg3 Rc8 40. Re3+  1/2-1/2

[Event "Prague Open 2025 - A IM Open"]
[Site "Olympik hotel, Prague"]
[Date "2025.01.13"]
[Round "5"]
[Board "11"]
[White "Kulhanek, Tomas"]
[Black "Polak, Michal"]
[Result "1-0"]
[WhiteElo "2313"]
[BlackElo "2037"]
[PlyCount "0"]
[EventDate "2025.01.10"]
[EventRounds "9"]
[EventCountry "CZE"]

1. e4 c5 2. Nf3 Nc6 3. Bb5 g6 4. O-O Bg7 5. c3 e5 6. d3 Nge7 7. Be3 d6 8. d4 exd4
9. cxd4 O-O 10. Nc3 Qb6 11. Bxc6 Nxc6 12. Rb1 Bg4 13. dxc5 dxc5 14. Nd5 Qa5 15. Qb3
Bxf3 16. gxf3 Nd4 17. Bxd4 Bxd4 18. f4 Kg7 19. Rbd1 Rad8 20. Kh1 Qa6 21. f3 Qe2 22.
Qd3 Qxd3 23. Rxd3 Bxb2 24. Rb3 Bd4 25. Rxb7 a5 26. Kg2 h5 27. Rfb1 Rc8 28. Nb6 Rb8
29. Nc4 Rxb7 30. Rxb7 Rd8 31. e5 Kg8 32. a4 Ba1 33. Nd6 f6 34. e6 Rxd6 35. Rb8+ Kg7
36. e7 Re6 37. e8=Q Rxe8 38. Rxe8 Bc3 39. Rc8 Bb4 40. Rc7+ Kh6 41. h3 h4 42. Kf2
Ba3 43. Ke2 f5 44. Kd3 Bb4 45. Kc4 Ba3 46. Kb5 Bc1 47. Kxa5 Bxf4 48. Rxc5 Be3 49.
Rc4 g5 50. Kb5 f4 51. Re4 Bd2 52. Re2 Bc3 53. Kc4 Ba5 54. Kd3  1-0

[Event "Prague Open 2025 - A IM Open"]
[Site "Olympik hotel, Prague"]
[Date "2025.01.13"]
[Round "5"]
[Board "13"]
[White "Bezeyko, Olexander"]
[Black "Moser, Axel"]
[Result "1-0"]
[WhiteElo "2050"]
[BlackElo "2160"]
[PlyCount "0"]
[EventDate "2025.01.10"]
[EventRounds "9"]
[EventCountry "CZE"]

1. e4 e5 2. d4 exd4 3. Qxd4 Nc6 4. Qd3 d5 5. exd5 Nb4 6. Qc4 Bf5 7. Na3 Qxd5 8. Bf4
c6 9. c3 Nd3+ 10. Bxd3 Qxd3 11. Qxd3 Bxd3 12. O-O-O O-O-O 13. Nc2 Nf6 14. Be3 Ng4
15. Bxa7 c5 16. Nh3 Be7 17. Bb6 Rd7 18. Rhe1 Bxc2 19. Rxd7 Kxd7 20. Kxc2 Re8 21.
f3 Nf6 22. c4 Ra8 23. Bc7 Ne8 24. Be5 Rxa2 25. Nf4 Nf6 26. Rd1+ Ke8 27. g4 g6 28.
Re1 Kd8 29. g5 Ne8 30. Nd5 Bd6 31. Kb3 Ra6 32. f4 Bxe5 33. Rxe5 Re6 34. Rxe6 fxe6
35. Nc3 Nd6 36. Na4 Ne4 37. Kc2 Kc7 38. Kd3 Nf2+ 39. Ke2 Ne4 40. Kd3 Nf2+ 41. Ke3
Ng4+ 42. Ke2 Nxh2 43. Nxc5 e5 44. fxe5 Ng4 45. Nd3  1-0

[Event "Prague Open 2025 - A IM Open"]
[Site "Olympik hotel, Prague"]
[Date "2025.01.13"]
[Round "5"]
[Board "20"]
[White "Colijn, Stefan"]
[Black "Zawal, Krzysztof"]
[Result "1-0"]
[WhiteElo "2315"]
[BlackElo "2013"]
[PlyCount "0"]
[EventDate "2025.01.10"]
[EventRounds "9"]
[EventCountry "CZE"]

1. c4 Nf6 2. g3 e6 3. Bg2 d5 4. Nf3 dxc4 5. Qa4+ Nbd7 6. Qxc4 a6 7. Qc2 c5 8. O-O
Ra7 9. d4 b6 10. Nc3 Bb7 11. e4 Qa8 12. d5 exd5 13. exd5 Nxd5 14. Re1+ Be7 15. Nh4
g6 16. Nxd5 Bxd5 17. Bh6 Nf8 18. Qc3 Rg8 19. Rad1 Bxg2 20. Nxg2 Ne6 21. Nf4 Nd4 22.
Rxd4 cxd4 23. Qxd4 Rd7 24. Qf6 Qb7 25. Bg5 Kd8 26. Qxf7 Rh8 27. Rc1 Rd6 28. Ne6+
Rxe6 29. Qxe6 Bxg5 30. Rd1+ Kc7 31. Rd7+ Kb8 32. Qe5+  1-0

[Event "Prague Open 2025 - A IM Open"]
[Site "Olympik hotel, Prague"]
[Date "2025.01.13"]
[Round "5"]
[Board "21"]
[White "Pourquet, Matthieu"]
[Black "Bohatyrov, Mykola"]
[Result "1-0"]
[WhiteElo "2262"]
[BlackElo "1998"]
[PlyCount "0"]
[EventDate "2025.01.10"]
[EventRounds "9"]
[EventCountry "CZE"]

1. d4 Nf6 2. c4 e6 3. g3 d5 4. Bg2 Be7 5. Nf3 O-O 6. O-O c6 7. Qc2 b6 8. Nbd2 Bb7
9. e4 dxe4 10. Nxe4 Na6 11. Rd1 Nxe4 12. Qxe4 Bd6 13. Ng5 g6 14. Qh4 h5 15. g4 Qe7
16. gxh5 f6 17. Nxe6 Qxe6 18. hxg6 Qe7 19. Bh6 Rfe8 20. Rd3 f5 21. Qh5 Qf6 22. Kh1
Nc7 23. Rh3 Ne6 24. Rg1 Re7 25. g7 Qf7 26. Qh4  1-0

[Event "Prague Open 2025 - A IM Open"]
[Site "Olympik hotel, Prague"]
[Date "2025.01.14"]
[Round "6"]
[Board "1"]
[White "Sokhor, Nazar"]
[Black "Harshavardhan, G B"]
[Result "0-1"]
[WhiteElo "2265"]
[BlackElo "2405"]
[PlyCount "0"]
[EventDate "2025.01.10"]
[EventRounds "9"]
[EventCountry "CZE"]

1. Nf3 c5 2. c3 Nf6 3. d4 e6 4. Bf4 Nc6 5. e3 h6 6. h3 d5 7. Nbd2 Bd6 8. Bxd6 Qxd6
9. dxc5 Qxc5 10. c4 d4 11. exd4 Nxd4 12. Nxd4 Qxd4 13. Qc2 Bd7 14. Be2 Qe5 15. Nf3
Qa5+ 16. Qd2 Qxd2+ 17. Nxd2 Rc8 18. Bf3 Ke7 19. Rc1 b5 20. O-O bxc4 21. Nxc4 Bb5
22. Be2 Nd5 23. Rfd1 Rc5 24. b3 Rhc8 25. Bf1 R8c7 26. Ra1 a5 27. Rd2 a4 28. Re1 Bxc4
29. bxc4 Nb6 30. Rb2 Nxc4 31. Rb4 Nd2 32. Rd1 Nxf1 33. Kxf1 Rc4 34. Rxc4 Rxc4 35.
Rd2 h5 36. Ke2 h4 37. Kd3 Rc1 38. Rb2 Rg1 39. f3 g5 40. Ke3 Re1+ 41. Kf2 Rc1 42.
Ke3 f5 43. Kd2 Rg1 44. Kc3 a3  0-1

[Event "Prague Open 2025 - A IM Open"]
[Site "Olympik hotel, Prague"]
[Date "2025.01.14"]
[Round "6"]
[Board "2"]
[White "Horak, Martin"]
[Black "Jain, Kashish Manoj"]
[Result "0-1"]
[WhiteElo "2357"]
[BlackElo "2363"]
[PlyCount "0"]
[EventDate "2025.01.10"]
[EventRounds "9"]
[EventCountry "CZE"]

1. Nf3 d5 2. e3 Nf6 3. c4 c6 4. Nc3 a6 5. Be2 dxc4 6. Bxc4 b5 7. Be2 e6 8. d4 c5
9. O-O Bb7 10. b3 Nbd7 11. Bb2 Be7 12. a4 b4 13. Nb1 O-O 14. Nbd2 cxd4 15. Nxd4 Nc5
16. Nc4 Rc8 17. Rc1 Rc7 18. Qe1 Nd5 19. f3 Bg5 20. Qg3 Nxe3 21. Nxe3 Bxe3+ 22. Kh1
Bxc1 23. Rxc1 f6 24. Bc4 Kh8 25. h4 e5 26. Ne2 Qd2  0-1

[Event "Prague Open 2025 - A IM Open"]
[Site "Olympik hotel, Prague"]
[Date "2025.01.14"]
[Round "6"]
[Board "3"]
[White "Lewtak, Damian"]
[Black "Radzimski, Antoni"]
[Result "1-0"]
[WhiteElo "2359"]
[BlackElo "2289"]
[PlyCount "0"]
[EventDate "2025.01.10"]
[EventRounds "9"]
[EventCountry "CZE"]

1. e4 e5 2. Nf3 Nc6 3. Bb5 a6 4. Ba4 d6 5. O-O Bd7 6. c3 g6 7. d4 Bg7 8. dxe5 Nxe5
9. Nxe5 dxe5 10. Bg5 Ne7 11. Bxd7+ Qxd7 12. Qxd7+ Kxd7 13. Rd1+ Ke6 14. Bxe7 Kxe7
15. Nd2 Rhd8 16. Nc4 Rxd1+ 17. Rxd1 Rd8 18. Rxd8 Kxd8 19. Kf1 Kd7 20. Ke2 f6 21.
Ne3 c6 22. g3 Bf8 23. a4 Bd6 24. f3 Bc7 25. Kd3 Ke6 26. Nc4 Kd7 27. Nd2 Ke6 28. h3
Kd7 29. c4 c5 30. Nf1 a5 31. Ne3 Bd8 32. Ke2 Ke6 33. Nd5 Kd6 34. Kf2 Ke6 35. Ke3
Kd6 36. h4 Ke6 37. Kf2 Kf7 38. Kg2 Ke6 39. Kh3 Kd6 40. h5 Ke6 41. Ne3 Bc7 42. Kg4
Bd6 43. Ng2 Be7 44. hxg6 hxg6 45. Nh4 Kf7 46. f4 Bd6 47. f5 g5 48. Ng2 Be7 49. Ne3
Kg7 50. Kh5 b6 51. Nd1 Bd8 52. Kg4 Kf7 53. Nc3 Kg7 54. Nb5 Kf7 55. Kh5 Kg7 56. Nd6
Be7 57. Ne8+ Kf7 58. Nc7 Kg7 59. Ne6+ Kf7 60. Kh6 Bd6 61. Kh7 g4 62. Nd8+ Ke7 63.
Nc6+ Kf7 64. Na7  1-0

[Event "Prague Open 2025 - A IM Open"]
[Site "Olympik hotel, Prague"]
[Date "2025.01.14"]
[Round "6"]
[Board "4"]
[White "Senthil, Maran K"]
[Black "Zhukovskyi, Oleksandr"]
[Result "1-0"]
[WhiteElo "2398"]
[BlackElo "2162"]
[PlyCount "0"]
[EventDate "2025.01.10"]
[EventRounds "9"]
[EventCountry "CZE"]

1. d4 Nf6 2. Nf3 d5 3. g3 g6 4. Bg2 Bg7 5. c4 c6 6. Qb3 Qb6 7. Nc3 O-O 8. O-O Bf5
9. Na4 Qxb3 10. axb3 Na6 11. Bd2 Ne4 12. Ba5 Rfb8 13. Rfc1 g5 14. Be1 e6 15. e3 f6
16. Nd2 Nxd2 17. Bxd2 Bf8 18. Nc3 Rd8 19. Na4 Rdb8 20. Bf1 Nc7 21. Be1 Bd6 22. b4
dxc4 23. Rxc4 Be4 24. Rcc1 Kf7 25. Be2 Bd5 26. Nc5 f5 27. f3 b6 28. Nd3 Ne8 29. Ne5+
Bxe5 30. dxe5 h5 31. h3 g4 32. hxg4 hxg4 33. fxg4 fxg4 34. Bd3 Bf3 35. e4 Ng7 36.
Rxc6 Rh8 37. Rc7+ Kg6 38. Raxa7 Rh1+ 39. Kf2 Rh2+ 40. Ke3 Rxa7 41. Rxa7 Rxb2 42.
Rb7 Rg2 43. Rxb6 Rg1 44. Bf2 Rc1 45. b5 Kg5 46. Rb8  1-0

[Event "Prague Open 2025 - A IM Open"]
[Site "Olympik hotel, Prague"]
[Date "2025.01.14"]
[Round "6"]
[Board "5"]
[White "Marek, Matyas"]
[Black "Diachek, Andrii"]
[Result "1/2-1/2"]
[WhiteElo "2314"]
[BlackElo "2104"]
[PlyCount "0"]
[EventDate "2025.01.10"]
[EventRounds "9"]
[EventCountry "CZE"]

1. Nf3 d5 2. d4 Nf6 3. e3 c5 4. b3 Nc6 5. Bb2 Bg4 6. Nbd2 e6 7. h3 Bh5 8. Bb5 Qb6
9. Bxc6+ Qxc6 10. g4 Bg6 11. Ne5 Qc7 12. Rc1 cxd4 13. exd4 Bb4 14. c3 Bd6 15. c4
dxc4 16. O-O c3 17. Rxc3 Qd8 18. Qe2 O-O 19. Rg3 Rc8 20. Ndc4 b5 21. Ne3 Bxe5 22.
dxe5 Ne4 23. Rg2 Nc3 24. Bxc3 Rxc3 25. Rd1 Rd3 26. Rg3 Rxd1+ 27. Nxd1 Qd4 28. Nc3
a6 29. a3 Rd8 30. b4 h6 31. Re3 Bd3 32. Qd2 Bg6 33. Qe2 Bd3 34. Qd2 Bg6  1/2-1/2

[Event "Prague Open 2025 - A IM Open"]
[Site "Olympik hotel, Prague"]
[Date "2025.01.14"]
[Round "6"]
[Board "6"]
[White "Mannion, Stephen R"]
[Black "Kulhanek, Tomas"]
[Result "0-1"]
[WhiteElo "2159"]
[BlackElo "2313"]
[PlyCount "0"]
[EventDate "2025.01.10"]
[EventRounds "9"]
[EventCountry "CZE"]

1. e4 c5 2. Nf3 d6 3. d4 cxd4 4. Nxd4 Nf6 5. Nc3 g6 6. Be3 Bg7 7. f3 O-O 8. Qd2 Nc6
9. O-O-O d5 10. exd5 Nxd5 11. Nxc6 bxc6 12. Bd4 e5 13. Bc5 Re8 14. Bc4 Be6 15. Ne4
Qc7 16. h4 Nf4 17. Bxe6 Nxe6 18. Bd6 Qb6 19. h5 f5 20. h6 Bh8 21. Nc3 e4 22. fxe4
fxe4 23. Rh3 Nd4 24. Re1 Nf5 25. Qf4 Nxd6 26. Qxd6 Rab8 27. b3 Rbd8 28. Qf4 Qa5 29.
Kb2 Be5 30. Qg4 Rd4 31. Ree3 Bf6 32. Rh1 Qf5 33. Qxf5 gxf5 34. Rf1 Re5 35. Kb1 Kf7
36. Ne2 Rd8 37. c4 Bg5 38. Rg3 Bxh6 39. Rh3 Kg7 40. Rh5 Kg6 41. Rfh1 Bg5 42. Rxh7
Rd2 43. Nc3 e3 44. Rxa7 e2 45. Re1 Bh4 46. Rxe2 Rexe2 47. Nxe2 Rxe2 48. Rc7 Rxg2
49. Rxc6+ Bf6 50. Rc8 f4  0-1

[Event "Prague Open 2025 - A IM Open"]
[Site "Olympik hotel, Prague"]
[Date "2025.01.14"]
[Round "6"]
[Board "7"]
[White "Vardanyan, Aras"]
[Black "Bezeyko, Olexander"]
[Result "1-0"]
[WhiteElo "2312"]
[BlackElo "2050"]
[PlyCount "0"]
[EventDate "2025.01.10"]
[EventRounds "9"]
[EventCountry "CZE"]

1. d4 d5 2. c4 e6 3. Nf3 Nf6 4. g3 Be7 5. Bg2 O-O 6. O-O Nbd7 7. Qc2 a5 8. h4 h6
9. a3 b6 10. cxd5 Nxd5 11. e4 N5f6 12. Bf4 c5 13. Nc3 Bb7 14. Rad1 cxd4 15. Rxd4
Rc8 16. Ne5 Qe8 17. Nxd7 Nxd7 18. Rfd1 Nc5 19. Qe2 Nb3 20. Rd7 Bc6 21. Ra7 Bc5 22.
Qg4 Kh7 23. Be5 Rg8 24. Qf4 Rf8 25. Nd5 exd5 26. Qf5+ Kg8 27. exd5 Bd4 28. Rxd4 Nxd4
29. Bxd4 Qe1+ 30. Kh2 Bd7 31. Rxd7 Rc1 32. h5 Qg1+ 33. Kh3 Qd1 34. Be4 Qf1+ 35. Kg4
Qe2+ 36. Kh3 Qf1+ 37. Kh4 g5+ 38. hxg6 Qh1+ 39. Bxh1 Rxh1+ 40. Kg4 h5+ 41. Kf3  1-0

[Event "Prague Open 2025 - A IM Open"]
[Site "Olympik hotel, Prague"]
[Date "2025.01.14"]
[Round "6"]
[Board "8"]
[White "Tolmacevs, Artjoms"]
[Black "Verner, Matej"]
[Result "1-0"]
[WhiteElo "2252"]
[BlackElo "1948"]
[PlyCount "0"]
[EventDate "2025.01.10"]
[EventRounds "9"]
[EventCountry "CZE"]

1. e4 c5 2. Nf3 Nc6 3. d4 cxd4 4. Nxd4 e5 5. Nb5 d6 6. N1c3 a6 7. Na3 Be7 8. Nc4
b5 9. Ne3 Nf6 10. Bd3 Nb4 11. O-O O-O 12. a4 Bb7 13. axb5 axb5 14. Rxa8 Qxa8 15.
Nf5 Qd8 16. Bxb5 d5 17. exd5 Nbxd5 18. Nxd5 Nxd5 19. c4 Nc7 20. Qg4 Bf6 21. Rd1 Qa8
22. Bd7 Rd8 23. Be3 h5 24. Nh6+ Kh7 25. Qxh5 gxh6 26. Qxh6+ Kg8 27. Qxf6 Ne6 28.
Qh4 Kf8 29. Bh6+ Kg8 30. Qg4+ Kh7 31. Bxe6  1-0

[Event "Prague Open 2025 - A IM Open"]
[Site "Olympik hotel, Prague"]
[Date "2025.01.14"]
[Round "6"]
[Board "9"]
[White "Musil, Vitezslav"]
[Black "Colijn, Stefan"]
[Result "0-1"]
[WhiteElo "1937"]
[BlackElo "2315"]
[PlyCount "0"]
[EventDate "2025.01.10"]
[EventRounds "9"]
[EventCountry "CZE"]

1. Nf3 d5 2. c4 e6 3. g3 Nf6 4. Bg2 d4 5. d3 Bd6 6. Nbd2 c5 7. b4 Nbd7 8. bxc5 Nxc5
9. Nb3 Nxb3 10. axb3 O-O 11. O-O e5 12. Ba3 Re8 13. Nd2 a6 14. Bxd6 Qxd6 15. Ne4
Nxe4 16. Bxe4 Rb8 17. Qd2 Bd7 18. Ra5 Bc6 19. Bxc6 Qxc6 20. Rd5 Rbd8 21. Rxd8 Rxd8
22. Ra1 h6 23. Ra5 b5 24. Qa2 Rd6 25. cxb5 axb5 26. b4 e4 27. Ra7 Re6 28. Ra8+ Kh7
29. dxe4 Qxe4 30. Rd8 Rc6 31. f3 Qe7 32. Qb1+ g6 33. Rd5 Qxe2  0-1

[Event "Prague Open 2025 - A IM Open"]
[Site "Olympik hotel, Prague"]
[Date "2025.01.14"]
[Round "6"]
[Board "10"]
[White "Lalic, Bogdan"]
[Black "Salgovic, Simon"]
[Result "1-0"]
[WhiteElo "2321"]
[BlackElo "2102"]
[PlyCount "0"]
[EventDate "2025.01.10"]
[EventRounds "9"]
[EventCountry "CZE"]

1. d4 Nf6 2. c4 e6 3. Nf3 Bb4+ 4. Bd2 a5 5. g3 b6 6. Bg2 Bb7 7. O-O Bxd2 8. Qxd2
O-O 9. Nc3 Ne4 10. Nxe4 Bxe4 11. Qf4 f5 12. Rad1 d6 13. Ng5 Bxg2 14. Kxg2 Qe7 15.
d5 e5 16. Qh4 h6 17. Ne6 Qxh4 18. gxh4 Rf7 19. f4 e4 20. Kf2 Na6 21. Ke3 Nc5 22.
Nd4 Kh7 23. Rg1 g6 24. Rg3 Rf6 25. b3 Rg8 26. a3 Ra8 27. h5 g5 28. Rf1 Rg8 29. b4
axb4 30. axb4 Nd7 31. fxg5 hxg5 32. Rxf5 Rxf5 33. Nxf5 Ne5 34. Kd4 g4 35. Ra3 Rf8
36. Kxe4 Nxc4 37. Ra7 Rf7 38. Kf4 Nd2 39. e4  1-0

[Event "Prague Open 2025 - A IM Open"]
[Site "Olympik hotel, Prague"]
[Date "2025.01.14"]
[Round "6"]
[Board "11"]
[White "Shapovalovi, Vasiko"]
[Black "Golis, Wiktor"]
[Result "1-0"]
[WhiteElo "2078"]
[BlackElo "2314"]
[PlyCount "0"]
[EventDate "2025.01.10"]
[EventRounds "9"]
[EventCountry "CZE"]

1. c4 e6 2. Nf3 d5 3. e3 Nf6 4. b3 c5 5. cxd5 exd5 6. Bb2 Nc6 7. Be2 Bd6 8. O-O O-O
9. d4 Re8 10. Nc3 a6 11. Rc1 cxd4 12. Nxd4 Nxd4 13. Qxd4 Be5 14. Qh4 Be6 15. Na4
Bxb2 16. Nxb2 Qa5 17. Qd4 Qxa2 18. Ra1 Qxb3 19. Bd1 Qb5 20. Ba4 Qe2 21. Rfe1 Qh5
22. Bxe8 Rxe8 23. Nd3 Bd7 24. Qb6 Bb5 25. Nf4 Qe5 26. Rad1 g5 27. Ne2 Ng4 28. Ng3
Bc6 29. Qb1 Re6 30. Qf5 Nh6 31. Qxe5 Rxe5 32. Ra1 Nf5 33. Ne2 h5 34. Nc3 d4 35. exd4
Rxe1+ 36. Rxe1 Nxd4 37. Ne4 Bxe4 38. Rxe4 Ne6 39. h4 Kg7 40. hxg5 Kg6 41. f4 Kf5
42. Re5+ Kxf4 43. Rxe6  1-0

[Event "Prague Open 2025 - A IM Open"]
[Site "Olympik hotel, Prague"]
[Date "2025.01.14"]
[Round "6"]
[Board "12"]
[White "Rybackova, Lucie"]
[Black "Pourquet, Matthieu"]
[Result "0-1"]
[WhiteElo "2077"]
[BlackElo "2262"]
[PlyCount "0"]
[EventDate "2025.01.10"]
[EventRounds "9"]
[EventCountry "CZE"]

1. g3 c5 2. Bg2 g6 3. Nf3 Bg7 4. O-O Nc6 5. c4 e5 6. e4 Nge7 7. Nc3 O-O 8. d3 d6
9. Ne1 a6 10. Nc2 Rb8 11. a4 Be6 12. Rb1 a5 13. Ne3 Nb4 14. Ned5 Nexd5 15. cxd5 Bd7
16. f4 Qb6 17. fxe5 c4+ 18. Kh1 Nxd3 19. Qe2 Nxe5 20. Bf4 Rbc8 21. Be3 Qb4 22. Qc2
Nd3 23. Bd2 Qc5 24. h3 h5 25. Ne2 Nb4 26. Bxb4 axb4 27. b3 b5 28. axb5 Bxb5  0-1

[Event "Prague Open 2025 - A IM Open"]
[Site "Olympik hotel, Prague"]
[Date "2025.01.14"]
[Round "6"]
[Board "13"]
[White "Chan, Kim Yew"]
[Black "Mensing, Adrian"]
[Result "1-0"]
[WhiteElo "2258"]
[BlackElo "2028"]
[PlyCount "0"]
[EventDate "2025.01.10"]
[EventRounds "9"]
[EventCountry "CZE"]

1. Nf3 g6 2. e4 Bg7 3. d4 d6 4. Be2 c6 5. O-O d5 6. e5 c5 7. c3 Nc6 8. h3 f6 9. Bb5
a6 10. Bxc6+ bxc6 11. Re1 cxd4 12. cxd4 f5 13. Nc3 c5 14. dxc5 Bb7 15. Nd4 Kf7 16.
Qb3 Rb8 17. c6 Ba8 18. Qxd5+ Qxd5 19. Nxd5  1-0

[Event "Prague Open 2025 - A IM Open"]
[Site "Olympik hotel, Prague"]
[Date "2025.01.14"]
[Round "6"]
[Board "14"]
[White "Filindash, Nikita"]
[Black "Mueer, Sebastian"]
[Result "1/2-1/2"]
[WhiteElo "2072"]
[BlackElo "2192"]
[PlyCount "0"]
[EventDate "2025.01.10"]
[EventRounds "9"]
[EventCountry "CZE"]

1. d4 e6 2. c4 b6 3. Nc3 Bb4 4. Qc2 Bb7 5. Nf3 Nf6 6. Bg5 h6 7. Bh4 g5 8. Bg3 Ne4
9. Nd2 Bxc3 10. bxc3 f5 11. e3 d6 12. f3 Nxg3 13. hxg3 Qf6 14. Bd3 Nd7 15. O-O-O
O-O-O 16. Kb1 Kb8 17. Rde1 h5 18. Rh2 h4 19. e4 f4 20. g4 e5 21. Qb2 Rh6 22. Rh3
Nf8 23. Ka1 Ne6 24. Nb3 Qg7 25. Rb1 Rh7 26. a3 Qd7 27. Ka2 Qa4 28. d5 Nc5 29. Nxc5
dxc5 30. Qb5 Qxb5 31. cxb5 c6 32. c4 cxb5 33. cxb5 c4 34. Bxc4 Rc8 35. Rb4 Rc5 36.
Rh1 Kc7 37. Kb3 Kd6 38. Kb2 Bc8 39. Kb3 Bd7 40. a4 Rc8  1/2-1/2

[Event "Prague Open 2025 - A IM Open"]
[Site "Olympik hotel, Prague"]
[Date "2025.01.14"]
[Round "6"]
[Board "15"]
[White "Fizer, Marek"]
[Black "Taborsky, Rostislav"]
[Result "1/2-1/2"]
[WhiteElo "2155"]
[BlackElo "2069"]
[PlyCount "0"]
[EventDate "2025.01.10"]
[EventRounds "9"]
[EventCountry "CZE"]

1. e4 e6 2. d4 d5 3. e5 c5 4. c3 Nc6 5. Nf3 Qb6 6. Bd3 cxd4 7. O-O Bd7 8. Re1 Rc8
9. Nbd2 Nge7 10. h4 a6 11. Nb3 dxc3 12. bxc3 Na5 13. Be3 Qc7 14. Nc5 Nf5 15. Bxf5
Bxc5 16. Bc2 Bxe3 17. Rxe3 Nc4 18. Re2 Na3 19. Re3 Nc4 20. Re2 Na3 21. Re3 Nc4  1/2-1/2

[Event "Prague Open 2025 - A IM Open"]
[Site "Olympik hotel, Prague"]
[Date "2025.01.14"]
[Round "6"]
[Board "16"]
[White "Wilks, Simon"]
[Black "Adrian, Claude"]
[Result "1-0"]
[WhiteElo "2069"]
[BlackElo "2151"]
[PlyCount "0"]
[EventDate "2025.01.10"]
[EventRounds "9"]
[EventCountry "CZE"]

1. e4 e6 2. d4 d5 3. Nc3 Bb4 4. e5 c5 5. a3 Bxc3+ 6. bxc3 Qa5 7. Bd2 Qa4 8. Qb1 c4
9. h4 Nc6 10. h5 h6 11. Nf3 Bd7 12. Be2 O-O-O 13. Nh4 Nge7 14. g4 g5 15. Ng2 Rdf8
16. Qc1 f5 17. exf6 Rxf6 18. f4 gxf4 19. Bxf4 Qa5 20. Qe3 Rhf8 21. O-O Ng8 22. g5
hxg5 23. Bxg5 Rxf1+ 24. Rxf1 Rxf1+ 25. Bxf1 Qxa3 26. Qf4 a5 27. Qf7 Qxc3 28. Qxg8+
Kc7 29. Bf4+ Kb6 30. h6 a4 31. h7 a3 32. h8=Q a2 33. Qf8 Qb4 34. Qxb4+ Nxb4 35. Qf8
Nxc2 36. Qc5+ Ka6 37. Bc7  1-0

[Event "Prague Open 2025 - A IM Open"]
[Site "Olympik hotel, Prague"]
[Date "2025.01.14"]
[Round "6"]
[Board "17"]
[White "Tyomkyn, Mikhail"]
[Black "Skodras, Marios Konstantinos"]
[Result "1/2-1/2"]
[WhiteElo "2143"]
[BlackElo "2013"]
[PlyCount "0"]
[EventDate "2025.01.10"]
[EventRounds "9"]
[EventCountry "CZE"]

1. d4 Nf6 2. Bg5 h6 3. Bxf6 exf6 4. c4 Bb4+ 5. Nc3 O-O 6. Qb3 Nc6 7. e3 Qe7 8. Nge2
Na5 9. Qc2 Nxc4 10. a3 Bxc3+ 11. Nxc3 Nb6 12. a4 a5 13. Nb5 c6 14. Qc5 Nd5 15. Bc4
b6 16. Qxe7 Nxe7 17. Nd6 Ba6 18. b3 Nc8 19. Nxc8 Rfxc8 20. Kd2 d5 21. Bxa6 Rxa6 22.
Rhc1 Kf8 23. g4 Ra7 24. Rc3 Ke7 25. e4 Rd7 26. Re1 dxe4 27. Rxe4+ Kd6 28. f3 Rdc7
29. Rce3 Rb8 30. Re8 Rcb7 31. R3e7 Rxe7 32. Rxb8 Kc7 33. Rg8 g6  1/2-1/2